The economics of multi- plant operation : An international comparisons study
Đã lưu trong:
| Định dạng: | Sách |
|---|---|
| Ngôn ngữ: | Undetermined |
| Được phát hành: |
Cambridge
Harvard University Press
1975
|
| Những chủ đề: | |
| Các nhãn: |
Thêm thẻ
Không có thẻ, Là người đầu tiên thẻ bản ghi này!
|
| Thư viện lưu trữ: | Trung tâm Học liệu Trường Đại học Cần Thơ |
|---|
| LEADER | 00536nam a2200169Ia 4500 | ||
|---|---|---|---|
| 001 | CTU_79134 | ||
| 008 | 210402s9999 xx 000 0 und d | ||
| 082 | |a 338.6 | ||
| 082 | |b E19 | ||
| 245 | 4 | |a The economics of multi- plant operation : | |
| 245 | 3 | |b An international comparisons study | |
| 245 | 0 | |c F. M. Scherer ... [et al.] | |
| 260 | |a Cambridge | ||
| 260 | |b Harvard University Press | ||
| 260 | |c 1975 | ||
| 650 | |a Economies of scale,Industrial organization,Industries | ||
| 980 | |a Trung tâm Học liệu Trường Đại học Cần Thơ | ||